Normal view
MARC view
- Wilkes, Angela
Entry Personal Name
001 - CONTROL NUMBER
- control field: 65382
003 - CONTROL NUMBER IDENTIFIER
- control field: NUST
005 - DATE AND TIME OF LATEST TRANSACTION
- control field: 20210628203427.0
008 - FIXED-LENGTH DATA ELEMENTS
- fixed length control field: 210628|| aca||aabn | a|a d
040 ## - CATALOGING SOURCE
- Original cataloging agency: NUST
- Transcribing agency: NUST
100 ## - HEADING--PERSONAL NAME
- Personal name: Wilkes, Angela
670 ## - SOURCE DATA FOUND
- Source citation: Work cat.: (NUST): Wilkes, Angela, The children's step by step cook book, photographic cooking lessons for young chefs, 1997
